000 00475nam a2200157 i 4500
001 22540
003 ES-MaACL
005 20230906152720.0
007 t|
008 021203s1972 sp ||||1| spa d
100 1 _aAlonso González, Francisco.
_920334
245 1 0 _aHistoria y petróleo
_b: México : el problema del petróleo /
_cFrancisco Alonso González.
260 _a[Madrid] :
_bAyuso,
_c[1972]
300 _a322 p. ;
_c21 cm.
852 _aES-MaACL
_jC-47890
_bR.84530
999 _c22540
_d22540